La Ecocrítica Hoy
Guardat en:
| Autor principal: | |
|---|---|
| Format: | Llibre |
| Idioma: | Undetermined |
| Publicat: |
San José, Costa Rica
Aire Moderno
2004
|
| Matèries: | |
| Etiquetes: |
Afegir etiqueta
Sense etiquetes, Sigues el primer a etiquetar aquest registre!
|
MARC
| LEADER | 00000nam a2200000Ia 4500 | ||
|---|---|---|---|
| 008 | 170316s9999 xx 000 0 und d | ||
| 040 | |a cru BVZT | ||
| 090 | |a C-868 R-1e | ||
| 100 | |a Rojas Pérez, Walter | ||
| 245 | |a La Ecocrítica Hoy | ||
| 260 | |a San José, Costa Rica | ||
| 260 | |b Aire Moderno | ||
| 260 | |c 2004 | ||
| 300 | |a 97 páginas | ||
| 650 | |a LITERATURA COSTARRICENSE | ||
| 650 | |a CRÍTICA | ||
| 650 | |a ECOLOGIA | ||
| 650 | |a CRÍTICA - NOVELA EL HABLADOR | ||
| 650 | |a TEXTOS NARRATIVOS | ||
| 650 | |a TEORÍA DE NESTOR GARCIA CANCLINI | ||
| 999 | |c 13243 |d 13243 | ||
| 942 | |c 15 D |h C-868 R-1e |2 z | ||
